000 00677nam a2200265Ia 4500
003 OSt
005 20221007112812.0
006 a|||||r|||| 00| 0
007 ta
008 221006b |||||||| |||| 00| 0 eng d
024 _a29,405
037 _cTextual
040 _aLCO
_cLCO
_beng
041 _2eng
_aeng
082 _aZ2,94, Q2
100 _aSarda Mukund
245 0 _aCases and Materials on Evidence Law
250 _a1st
260 _aNew
_bDelhi Thomson Reuters India
_c2012
300 _a468
650 _aEVIDENCE
700 _a Chopra D.S
_9245790
942 _hZ2,94, Q2
_cTEXL
999 _c1198968
_d1198968